All for the sake of a piece of paper (Record no. 12059)
[ view plain ]
| 000 -LEADER | |
|---|---|
| fixed length control field | 01071cab a2200229 4500 |
| 001 - CONTROL NUMBER | |
| control field | ABS51263 |
| 008 - FIXED-LENGTH DATA ELEMENTS--GENERAL INFORMATION | |
| fixed length control field | 090401t1994 xxu||||| |||| 00| 0 eng d |
| 035 ## - SYSTEM CONTROL NUMBER | |
| System control number | (Sirsi) u18179 |
| 041 ## - LANGUAGE CODE | |
| Language code of text/sound track or separate title | eng |
| 100 ## - MAIN ENTRY--PERSONAL NAME | |
| Personal name | McCoig, M. |
| 245 ## - TITLE STATEMENT | |
| Title | All for the sake of a piece of paper |
| 260 ## - PUBLICATION, DISTRIBUTION, ETC. | |
| Date of publication, distribution, etc. | 1994 |
| 350 ## - PRICE (NR) (BK AM CF MU VM SE) [OBSOLETE] | |
| Price | 0 |
| 490 ## - SERIES STATEMENT | |
| Series statement | Inside Housing |
| Volume/sequential designation | 12 August 1994, 10-11(2) |
| 520 ## - SUMMARY, ETC. | |
| Summary, etc. | Suggests local authorities should make representations to the DoE to amend Landlord and Tenant Act 1987 s48, whereby landlords must provide an address to tenants for the serving of notices by tenants, so that it does not apply to public sector tenancies. This follows a recent court case for possession by a local authority, defeated on the grounds that a s48 notice had not been served, which is having widespread effect on housing associations trying to gain possession orders. |
| 650 ## - SUBJECT ADDED ENTRY--TOPICAL TERM | |
| Topical term or geographic name entry element | BARNSLEY MDC V CROSSLAND |
| 650 ## - SUBJECT ADDED ENTRY--TOPICAL TERM | |
| Topical term or geographic name entry element | BROMFORD CARINTHIA HOUSING ASSOCIATION |
| 650 ## - SUBJECT ADDED ENTRY--TOPICAL TERM | |
| Topical term or geographic name entry element | SOUTH STAFFORDSHIRE DC |
| 690 ## - LOCAL SUBJECT ADDED ENTRY--TOPICAL TERM (OCLC, RLIN) | |
| Topical term or geographic name as entry element | Block management |
| 9 (RLIN) | 6220 |
| 942 ## - ADDED ENTRY ELEMENTS (KOHA) | |
| Suppress in OPAC | 0 |
| 948 ## - LOCAL PROCESSING INFORMATION (OCLC); SERIES PART DESIGNATOR (RLIN) | |
| c (OCLC) | 04/03/1997 |
| Withdrawn status | Lost status | Source of classification or shelving scheme | Damaged status | Not for loan | Home library | Current library | Shelving location | Date acquired | Total Checkouts | Full call number | Barcode | Date last seen | Copy number | Price effective from | Koha item type |
|---|---|---|---|---|---|---|---|---|---|---|---|---|---|---|---|
| Dewey Decimal Classification | London | London | Journal article | 14/09/1999 | ABS51263 | 18179-1001 | 06/08/2019 | 1 | 06/08/2019 | Journal article |